| 000 | 00713nam a2200289 a 4500 | ||
|---|---|---|---|
| 003 | AR-BaBNM | ||
| 005 | 20251128203248.0 | ||
| 008 | 082120s2002 ||||||||||||||000 | spa|| | ||
| 040 | _cAR-BaBNM | ||
| 100 | 1 | _aLarrán de Vere, Alberto | |
| 245 | 0 | 0 | _aSan Martín |
| 250 | _a8ª ed. | ||
| 260 |
_aBuenos Aires _bAtlántida _c1957 |
||
| 300 |
_a113 p. _bláms. |
||
| 490 | 0 | _aBiblioteca Billiken. Azul | |
| 650 | 4 | _aHISTORIA ARGENTINA | |
| 650 | 4 | _aBIOGRAFIAS | |
| 650 | 4 | _aGUERRAS DE LA INDEPENDENCIA | |
| 650 | 4 | _aCAMPAÑAS LIBERTADORAS | |
| 650 | 4 | _aHISTORIA | |
| 651 | 4 | _aPerú | |
| 651 | 4 | _aChile | |
| 655 | _aBIOGRAFIAS | ||
| 700 | 0 |
_aAmaldi _eilustrador |
|
| 942 | _cBK | ||
| 998 | _cEnrique | ||
| 999 |
_c2609 _d2609 |
||